00477cam a2200145 a 4500008004100000020001500041035001200056050002100068100002200089245005900111260003400170300002800204440004500232651005400277040109s1991 fr a 000 0 fre u a2070530604 aa434180 0aF2546 bG54 19911 aGheerbrant, Alain12aL´Amazone :bun géant blessé /cAlain Gheerbrant. a[Paris] :bGallimard, c1991. a192 p. :bil. ;c18 cm. 0aDécouvertes Gallimard ;v40. Aventures 0aAmazonas, Brasil xDescubrimiento y exploración